|
|
|
|
| LEADER |
01478nam a2200289 a 4500 |
| 001 |
14318685 |
| 008 |
101230r20092007njua b 001 0 eng d |
| 010 |
|
|
|a 2006046001
|
| 020 |
|
|
|a 9788131716687
|
| 020 |
|
|
|a 0131865420
|
| 040 |
|
|
|a DLC
|c DLC
|d YDXCP
|d BAKER
|d UKM
|d OCLCQ
|d DLC
|d BD-DhAAL
|
| 082 |
0 |
0 |
|a 302.3/5
|2 22
|
| 100 |
1 |
|
|a Jones, Gareth R.
|
| 245 |
1 |
0 |
|a Organizational theory, design, and change /
|c Gareth R. Jones, Marry Mathew
|
| 250 |
|
|
|a 5th ed.
|
| 260 |
|
|
|a Upper Saddle River, NJ ;
|a New Delhi :
|b Pearson/Prentice Hall,
|c c2009.
|
| 300 |
|
|
|a xxiii, 552 p. :
|b ill. ;
|c 29 cm.
|
| 504 |
|
|
|a Includes bibliographical references and indexes.
|
| 541 |
1 |
|
|e 00021726
|
| 650 |
|
0 |
|a Organizational behavior.
|
| 650 |
|
0 |
|a Organizational behavior
|v Case studies.
|
| 852 |
4 |
|
|a Ayesha Abed Library
|c General Shelf.
|
| 999 |
|
|
|c 10265
|d 10265
|
| 952 |
|
|
|0 0
|1 0
|2 ddc
|4 0
|6 302_350000000000000_JON
|7 0
|9 13713
|a BRACUL
|b BRACUL
|c GEN
|d 2010-12-30
|l 2
|m 4
|o 302.35 JON
|p 3010021726
|r 2012-11-05
|s 2012-08-23
|t 1
|w 2010-12-30
|y BK
|
| 952 |
|
|
|0 0
|1 0
|2 ddc
|4 0
|6 302_350000000000000_JON
|7 0
|9 13858
|a BRACUL
|b BRACUL
|c GEN
|d 2011-01-15
|l 0
|o 302.35 JON
|p 3010021772
|r 2012-10-01
|t 2
|w 2011-01-15
|y BK
|
| 952 |
|
|
|0 0
|1 0
|2 ddc
|4 0
|6 302_350000000000000_JON
|7 0
|9 13859
|a BRACUL
|b BRACUL
|c GEN
|d 2011-01-15
|l 1
|o 302.35 JON
|p 3010021773
|r 2011-02-22
|s 2011-02-15
|t 3
|w 2011-01-15
|y BK
|
| 952 |
|
|
|0 0
|1 0
|2 ddc
|4 0
|6 302_350000000000000_JON
|7 0
|9 13860
|a BRACUL
|b BRACUL
|c GEN
|d 2011-01-15
|l 0
|o 302.35 JON
|p 3010021774
|r 2012-11-06
|t 4
|w 2011-01-15
|y BK
|